Optimálny plán

Na minha lista:
Detalhes bibliográficos
Autor principal: Rendek, Ignác
Formato: Livro
Idioma:eslovaco
Publicado em: Bratislava Slovenské vydavateľstvo technickej literatúry 1967
Colecção:Edícia ekonomickej literatúry
Tags: Adicionar Tag
Sem tags, seja o primeiro a adicionar uma tag!

MARC

LEADER 00000nam a2200000 4500
001 c131635
005 20221128070618.9
041 0 |a slo 
044 |a SK 
245 1 0 |a Optimálny plán  |c Ignác Rendek 
264 1 |a Bratislava  |b Slovenské vydavateľstvo technickej literatúry  |c 1967 
300 |a 156 s. 
490 1 |a Edícia ekonomickej literatúry 
830 0 |a Edícia ekonomickej literatúry 
100 1 |a Rendek, Ignác